| 000 | 00739cam a22002533a 4500 | ||
|---|---|---|---|
| 001 | 26125 | ||
| 003 | PGUSA | ||
| 005 | 20140828083549.0 | ||
| 008 | 080725s2008||||xxu|||||s|||||000 1 eng d | ||
| 040 |
_aPGUSA _beng |
||
| 042 | _adc | ||
| 050 | 4 | _aPZ | |
| 100 | 1 |
_aMolesworth, _cMrs, _d1839-1921 |
|
| 245 | 1 | 0 |
_aHoodie _h[electronic resource] / _cMolesworth, |
| 260 |
_bProject Gutenberg, _c2008 |
||
| 506 | _aPublic domain in the USA. | ||
| 516 | _aElectronic text | ||
| 653 | _aChristian life -- Juvenile fiction | ||
| 653 | _aConduct of life -- Juvenile fiction | ||
| 700 | 1 |
_aBaumer, Lewis Christopher Edward, _d1870-1963 |
|
| 830 | 0 |
_aProject Gutenberg _v26125 |
|
| 856 | 4 | 0 | _uhttp://www.gutenberg.org/ebooks/26125 |
| 942 | _cEB | ||
| 999 |
_c255380 _d255380 |
||